LEADER 01637nam0-2200469---45-- 001 990000447890203316 005 20100630154707.0 010 $a88-324-4675-8 035 $a0044789 035 $aUSA010044789 035 $a(ALEPH)000044789USA01 035 $a0044789 100 $a20010515d1991----y0itay01 b 101 $aita 102 $aIT 105 $a00||| 200 1 $a<> nuove imposte sulle successioni e donazioni$eil T.U. (D. Lgs. 346/1990) commentato e annotato,le interpretazioni ministeriali (circ. n.17 del 15 marzo 1991), i rapporti con la normativa previgente...$fG. Cambareri, R. Franchi, A. Scaglione 205 $a5 ed. 210 $aMilano$cPirola$d1991 215 $a359 p.$d24 cm 225 2 $aPirola fiscale 410 0$12001$aPirola fiscale 606 $aSuccessioni$xLegislazione 606 $aDonazione$xLegislazione 676 $a346.45052 700 1$aCAMBARERI,$bGiuseppe$0544551 701 1$aFRANCHI,$bRoberto,$0521197 701 1$aSCAGLIONE,$bAntonio$0227787 801 0$aIT$bsalbc$gISBD 912 $a990000447890203316 951 $aXXX.B. Coll. 128/ 7 (COLL HNT 10 A)$b3207 E.C.$cXXX.B. Coll. 128/ 7 (COLL HNT 10)$d00272559 959 $aBK 969 $aECO 979 $aPATTY$b90$c20010515$lUSA01$h1617 979 $aPATTY$b90$c20010515$lUSA01$h1624 979 $c20020403$lUSA01$h1653 979 $aPATRY$b90$c20040406$lUSA01$h1631 979 $aFIORELLA$b90$c20070517$lUSA01$h1341 979 $aRSIAV4$b90$c20100630$lUSA01$h1545 979 $aRSIAV4$b90$c20100630$lUSA01$h1547 996 $aNuove imposte sulle successioni e donazioni$9890208 997 $aUNISA LEADER 00895nam0-2200289 --450 001 9910508102903321 005 20211130091227.0 010 $a978-88-8272-043-8 100 $a20211130d2020----kmuy0itay5050 ba 101 0 $aita 102 $aIT 105 $ay 001yy 200 1 $aChiesa e scuola$epercorsi di storia dell'educazione tra XII e XX secolo$fJ. Verger ... [et al.]; a cura di Maurizio Sangalli 210 $aSiena$cCantagalli$dİ2020 215 $aXXVIII, 323 p.$d21 cm 225 1 $aCristianesimo e cultura$v2 610 0 $aIstruzione$aEuropa$aSec. 11.-20 676 $a370.94$v22$ZITA 702 1$aVerger,$bJacques 702 1$aSangalli,$bMaurizio$f<1968- > 801 0$aIT$bUNINA$gREICAT$2UNIMARC 901 $aBK 912 $a9910508102903321 952 $aCOLLEZ. 2991 (2)$b2219/2021$fFSPBC 959 $aFSPBC 996 $aChiesa e scuola$92465786 997 $aUNINA